000 01440cam a2200397 i 4500
999 _c34939
_d34939
001 18682264
003 OSt
005 20200203133153.0
008 150701s2007 ii a b 001 0 eng
010 _a 2015358636
020 _a9788190388764
020 _a8190388762
025 _aI-E-2015358636
037 _bLibrary of Congress -- New Delhi Overseas Office
040 _aDLC
_beng
_erda
_coclc
_dDLC
042 _alcode
043 _aa-ii---
050 0 0 _aHT720
_b.N885 2007
082 _a305.56880954
_bNIS/A
100 _aNisar, M
_eauthor.
_91796
245 1 0 _aAyyankali :
_ba dalit leader of organic protest /
_cM. Nisar ; Meena Kandasamy
264 1 _aCalicut, Kerala :
_bOther Books,
_c2007.
300 _a103 pages :
_billustrations ;
_c20 cm
336 _atext
_btxt
_2rdacontent
337 _aunmediated
_bn
_2rdamedia
338 _avolume
_bnc
_2rdacarrier
504 _aIncludes bibliographical references (pages 96-99) and index.
600 0 0 _aAyyaṅkāḷi,
_d1863-1941.
650 0 _aDalits
_zIndia
_zKerala
_xSocial conditions
_y19th century.
650 0 _aDalits
_zIndia
_zKerala
_xSocial conditions
_y20th century.
650 0 _aSocial movements
_zIndia
_zKerala
_xHistory
_y20th century.
700 1 _aKandasamy, Meena,
_eauthor.
906 _a7
_bcbc
_corigode
_d3
_encip
_f20
_gy-gencatlg
942 _2ddc
_cBK
_h305.56880954
_iNIS/A
_k305.56880954
_mNIS/A